Mots en sandwich - Statistiques

Statistiques générales
  • Ce quiz a été pris 401 fois
  • Le résultat moyen est 5 sur 18
Statistiques - réponses
Réponse % Correct
Age de ... pierre ... philosophale
74%
Ail des ... ours ... mal léché
69%
A la bonne ... heure ... de pointe
54%
Bain de ... sang ... d'encre
47%
Au saut du ... lit ... de mort
46%
Sans le ... sou ... par sou
46%
Bonnet ... blanc ... bonnet
38%
L'effet ... papillon ... des gaz
33%
Coup de ... folie ... furieuse
27%
Comme une ... fleur ... de peau
21%
Dans les ... nuages ... de fumée
17%
Dresser l'... oreille ... absolue
17%
Tout du ... long ... feu
16%
En grand ... nombre ... d'or
9%
Bout de ... chou ... blanc
8%
Oeuf ... miroir ... d'eau
3%
Faire la ... lumière ... cendrée
1%
De trois ... quarts ... temps
1%
Aucun quiz correspondant
Distribution des résultats
% des personnes avec chaque résultat
Percentile par nombre de réponses
Votre historique - résultats
Vous n’avez pas pris ce quiz